| 000 | 00638nam a2200217 i 4500 | ||
|---|---|---|---|
| 001 | 109386 | ||
| 003 | ES-MaACL | ||
| 005 | 20230906184831.0 | ||
| 007 | t| | ||
| 008 | 061121s1971 sp r ||||1| spa d | ||
| 080 | _a396"19" | ||
| 245 | 0 | 3 |
_aLa mujer en la nueva sociedad / _cEmilio Radius ... [et. al.]. |
| 260 |
_aBilbao : _bMensajero, _c1971. |
||
| 300 |
_a222 p. ; _c18 cm. |
||
| 490 | 1 |
_aColección bolsillo ; _v1. Sociología |
|
| 650 | 4 |
_aMujeres- _yS.XX. _915314 |
|
| 700 | 1 |
_aRadius, Emilio. _994930 |
|
| 830 | 1 |
_aColección bolsillo ; _v1. Sociología _9232978 |
|
| 852 | 4 |
_aES-MaACL _jC-49708 |
|
| 999 |
_c109386 _d109386 |
||